000 00413nam a2200121Ia 4500
008 220615s9999||||xx |||||||||||||| ||und||
245 0 _aMolecular Dynamics
_bStudies of Synthetic and Biological Macromolecules
546 _aEnglish[eng]
650 _aComputer modelling & simulation
700 _aWang, Lichang
856 _uhttps://mts.intechopen.com/storage/books/2265/authors_book/authors_book.pdf
942 _cEB
999 _c15675
_d15675